[Event "Challenge"]
[Site "http://www.queenalice.com/game.php?id=1174978"]
[Date "2013.4.25"]
[Round "-"]
[White "eduardofelix"]
[Black "MORTIMER"]
[Result "0-1"]
[WhiteElo "1843"]
[BlackElo "2006"]

1. e4 c5 2. Bc4 e6 3. Nf3 Nc6 4. d3 Be7 5. O-O a6 6. a4 d5 7. exd5 exd5 8. Bb3
Nf6 9. h3 O-O 10. c3 Be6 11. d4 cxd4 12. Nxd4 Nxd4 13. Qxd4 Rc8 14. Bg5 h6 15.
Be3 Bc5 16. Qd2 Bxe3 17. Qxe3 Re8 18. Qf3 Qb6 19. Nd2 a5 20. Ba2 Qxb2 21. Qd3
Rxc3 22. Qe2 d4 23. Bxe6 Rxe6 24. Qd1 Rd3 0-1

[Event "Rouletabosse-2"]
[Site "http://www.queenalice.com/game.php?id=1180498"]
[Date "2013.5.11"]
[Round "1"]
[White "aragats"]
[Black "MORTIMER"]
[Result "0-1"]
[WhiteElo "1816"]
[BlackElo "2015"]

1. f4 g6 2. Nf3 Bg7 3. g3 c5 4. e3 Nc6 5. Bb5 Qc7 6. O-O e6 7. Nc3 Nge7 8. a3
O-O 9. Rb1 b6 10. d3 d5 11. Ne2 Bb7 12. Bd2 Nf5 13. Bxc6 Qxc6 14. d4 Rac8 15. c3
Nd6 16. b4 Ba6 17. Re1 Bd3 18. Rb2 Nc4 19. Ra2 Bf5 20. Kf2 Nd6 21. Ne5 Ne4+ 22.
Kf3 Bxe5 23. fxe5 h5 24. Rh1 Bg4+ 25. Kg2 Bh3+ 26. Kf3 g5 27. Be1 g4+ 28. Kf4 f6
29. Ng1 fxe5+ 0-1

[Event "AUTO-OPEN-2924"]
[Site "http://www.queenalice.com/game.php?id=1203580"]
[Date "2013.7.29"]
[Round "2"]
[White "MORTIMER"]
[Black "betofortaleza"]
[Result "1-0"]
[WhiteElo "2023"]
[BlackElo "1955"]

1. e4 e5 2. Nf3 Nc6 3. Bb5 Bc5 4. c3 Nf6 5. d4 exd4 6. e5 Ng4 7. O-O O-O 8. cxd4
Nxd4 9. Nxd4 Qh4 10. Bf4 d6 11. Bg3 Qg5 12. Nf3 Qf5 13. Bd3 Qh5 14. Qc2 b6 15.
Be4 Rb8 16. Re1 Bxf2+ 17. Bxf2 f5 18. Bd5+ Kh8 19. Qxc7 1-0

[Event "AUTO-OPEN-2924"]
[Site "http://www.queenalice.com/game.php?id=1203581"]
[Date "2013.7.29"]
[Round "2"]
[White "betofortaleza"]
[Black "MORTIMER"]
[Result "0-1"]
[WhiteElo "1898"]
[BlackElo "2038"]

1. e4 c5 2. Bc4 e6 3. d3 Nc6 4. Be3 Nf6 5. Nf3 Qc7 6. Nc3 a6 7. h3 Be7 8. Qd2
O-O 9. Bg5 Rb8 10. Bf4 d6 11. g4 b5 12. Bb3 c4 13. dxc4 bxc4 14. Bxc4 Rxb2 15.
Bb3 Qa5 16. O-O Rd8 17. Na4 Qxd2 18. Nxd2 Rxb3 19. axb3 Nd4 20. Bg5 h6 21. Bxf6
Bxf6 22. Ra2 Ne2+ 23. Kh1 Nc3 24. Nxc3 Bxc3 25. Nc4 Bb7 26. f3 d5 27. Rd1 e5 28.
Nb6 f6 29. exd5 Bd4 30. Nc4 Rxd5 31. Ra5 Rxa5 32. Nxa5 Bxf3+ 0-1

[Event "Rouletabosse-2"]
[Site "http://www.queenalice.com/game.php?id=1221810"]
[Date "2013.10.3"]
[Round "2"]
[White "MORTIMER"]
[Black "Champignac"]
[Result "1-0"]
[WhiteElo "2048"]
[BlackElo "1922"]

1. e4 d5 2. exd5 Qxd5 3. Nc3 Qa5 4. d4 e6 5. Nf3 Nf6 6. Bd2 c6 7. Ne4 Qd8 8.
Nxf6+ Qxf6 9. Bc3 Bd6 10. Bd3 O-O 11. O-O b5 12. d5 Qe7 13. dxc6 Nxc6 14. Bxb5
Bb7 15. Re1 Rad8 16. Qe2 Nb8 17. Bd3 Nd7 18. Nd4 Nc5 19. Qg4 Nxd3 20. Nf5 1-0

[Event "AUTO-OPEN-2924"]
[Site "http://www.queenalice.com/game.php?id=1237315"]
[Date "2013.12.3"]
[Round "3"]
[White "lupengui"]
[Black "MORTIMER"]
[Result "1-0"]
[WhiteElo "2848"]
[BlackElo "2088"]

1. e4 c5 2. Nf3 e6 3. c3 d5 4. exd5 Qxd5 5. d4 Nf6 6. Be2 Nc6 7. O-O cxd4 8.
cxd4 Be7 9. Nc3 Qd6 10. Bg5 O-O 11. Rc1 Rd8 12. Nb5 Qb8 13. Bh4 Ne4 14. Bxe7
Nxe7 15. Nc7 Nc6 16. Nxa8 e5 17. Bd3 Bf5 18. Nh4 g6 19. Nxf5 gxf5 20. Bxe4 fxe4
21. d5 Kh8 22. dxc6 Rxd1 23. c7 Rxf1+ 24. Kxf1 Qc8 25. Rd1 1-0

[Event "AUTO-OPEN-2924"]
[Site "http://www.queenalice.com/game.php?id=1237316"]
[Date "2013.12.3"]
[Round "3"]
[White "MORTIMER"]
[Black "lupengui"]
[Result "0-1"]
[WhiteElo "2086"]
[BlackElo "2849"]

1. e4 e5 2. Nf3 Nc6 3. Bb5 Nf6 4. O-O Nxe4 5. d4 Nd6 6. Bxc6 dxc6 7. dxe5 Nf5 8.
Qxd8+ Kxd8 9. Bg5+ Ke8 10. Rd1 Be6 11. Nc3 h6 12. Bd2 Rd8 13. Ne2 g5 14. Bc3 c5
15. Rxd8+ Kxd8 16. Rd1+ Kc8 17. g4 Ne7 18. h3 Bg7 19. Ng3 Rd8 20. Rd3 Rxd3 21.
cxd3 Bxa2 22. Ne4 b6 23. Nfd2 Nd5 24. b3 Kd8 25. d4 cxd4 26. Bxd4 Ke7 27. Nc3
Nxc3 28. Bxc3 Ke6 29. Nf3 c5 30. b4 Bd5 31. Kg2 Bxe5 32. Bxe5 Bxf3+ 33. Kxf3
Kxe5 0-1

[Event "Rouletabosse-2"]
[Site "http://www.queenalice.com/game.php?id=1241141"]
[Date "2013.12.18"]
[Round "3"]
[White "MORTIMER"]
[Black "Rutty"]
[Result "1-0"]
[WhiteElo "2059"]
[BlackElo "2001"]

1. e4 e5 2. Nf3 Nc6 3. Bb5 Bc5 4. c3 Nf6 5. d4 exd4 6. e5 Nd5 7. O-O O-O 8. cxd4
Bb6 9. Bg5 Qe8 10. Nc3 Nxc3 11. bxc3 a6 12. Ba4 h6 13. Bh4 d5 14. exd6 cxd6 15.
Re1 Be6 16. d5 Qd7 17. dxe6 fxe6 18. Qb3 Bd8 19. Qxe6+ Qxe6 20. Rxe6 Bxh4 21.
Nxh4 Rf4 22. Bb3 Kh7 23. Bc2+ Kg8 24. g3 Rc4 25. Bb3 1-0

[Event "Rouletabosse-2"]
[Site "http://www.queenalice.com/game.php?id=1255712"]
[Date "2014.2.12"]
[Round "4"]
[White "docb"]
[Black "MORTIMER"]
[Result "0-1"]
[WhiteElo "2049"]
[BlackElo "2073"]

1. e4 c5 2. Nc3 Nc6 3. g3 g6 4. Bg2 Bg7 5. f4 d6 6. Nf3 e6 7. O-O Nge7 8. d3 O-O
9. Be3 Nd4 10. e5 Nef5 11. Bf2 Nxf3+ 12. Qxf3 Nd4 13. Qd1 dxe5 14. fxe5 Bxe5 15.
Ne4 f5 16. Nxc5 Qd6 17. Nxb7 Bxb7 18. Bxb7 Rab8 19. Bg2 Rxb2 20. Bxd4 Qxd4+ 21.
Kh1 Rc8 22. c4 Rd8 23. Rf3 Rxg2 0-1

[Event "Challenge"]
[Site "http://www.queenalice.com/game.php?id=1271745"]
[Date "2014.4.10"]
[Round "-"]
[White "Nahid"]
[Black "MORTIMER"]
[Result "1-0"]
[WhiteElo "1962"]
[BlackElo "2084"]

1. d4 d5 2. c4 e6 3. Nf3 c6 4. Nc3 f5 5. cxd5 exd5 6. Bg5 Nf6 7. e3 Bd6 8. Bd3
Be6 9. Qb3 b6 10. O-O Nbd7 11. Rac1 O-O 12. Nh4 Bxh2+ 13. Kh1 h6 14. Bxf6 Qxf6
15. g3 g5 16. Ng2 Bxg3 17. fxg3 Qg6 18. g4 Nf6 19. Qd1 Nxg4 20. Qxg4 fxg4 21.
Bxg6 Rf3 22. e4 Kg7 23. exd5 cxd5 24. Bc2 Raf8 25. Rfe1 R8f6 26. Nb5 g3 27. Nc7
Bh3 28. Ne8+ Kf7 29. Nxf6 Kxf6 30. Rf1 g4 31. Bd3 Kg5 32. Rxf3 gxf3 33. Ne3 f2
34. Bf1 Bxf1 35. Rxf1 h5 36. Kg2 Kf4 37. Nxd5+ Kg4 38. Nf6+ Kg5 39. Ne4+ Kf4 40.
Nxg3 1-0

[Event "Challenge"]
[Site "http://www.queenalice.com/game.php?id=1271746"]
[Date "2014.4.10"]
[Round "-"]
[White "MORTIMER"]
[Black "Nahid"]
[Result "1/2-1/2"]
[WhiteElo "2077"]
[BlackElo "1999"]

1. e4 c5 2. f4 d6 3. Nc3 Nf6 4. Nf3 g6 5. d4 cxd4 6. Nxd4 Bg7 7. Bb5+ Bd7 8. e5
Bxb5 9. exf6 Bxf6 10. Ncxb5 a6 11. Nc3 b5 12. Qf3 Ra7 13. Nc6 Nxc6 14. Qxc6+ Qd7
15. Qxd7+ Kxd7 16. Nd5 Bd4 17. c3 Bg7 18. Be3 Rb7 19. Bd4 Bxd4 20. cxd4 Rc8 21.
Kd2 Ke6 22. Ne3 f5 23. Rhc1 Ra8 24. Rc6 Kd7 25. Rac1 Raa7 26. Nd5 h6 27. Ne3 a5
28. g4 e6 29. d5 a4 30. dxe6+ Kxe6 31. Rc8 fxg4 32. Re8+ Kf7 33. Rh8 Kg7 34. Rd8
Rf7 35. Rxd6 Rxf4 36. Rcc6 Rf2+ 37. Kd3 Rxh2 38. Rxg6+ Kh7 39. Nxg4 Rd7+ 40.
Rcd6 Rxd6+ 41. Rxd6 Rh3+ 42. Kd4 h5 43. Nf6+ Kg6 44. Ne4+ Kg7 45. Ng5 Rh2 46.
Ne6+ Kg8 47. Kc3 h4 48. Nf4 b4+ 49. Kxb4 Rxb2+ 50. Ka3 Rf2 51. Rg6+ Kf7 52. Rg4
h3 53. Nxh3 Rf3+ 54. Kxa4 Rxh3 55. a3 Rh5 56. Kb4 Ke7 57. Rd4 Re5 58. a4 Re6 59.
a5 Rd6 60. Rc4 Kd7 61. Kb5 Rd5+ 62. Kb6 Rd6+ 63. Kb7 Rd5 64. a6 Rb5+ 65. Ka8 Rb6
66. a7 Kd8 67. Rg4 Kc7 68. Rg8 Rd6 69. Rb8 Rh6 70. Rb1 Rc6 71. Rb7+ Kc8 72. Rb8+
Kc7 1/2-1/2

[Event "Rouletabosse-2"]
[Site "http://www.queenalice.com/game.php?id=1282318"]
[Date "2014.5.17"]
[Round "5"]
[White "MORTIMER"]
[Black "Redtom"]
[Result "1-0"]
[WhiteElo "2063"]
[BlackElo "2019"]

1. e4 d5 2. exd5 Nf6 3. d4 Bg4 4. f3 Bf5 5. Bb5+ Nbd7 6. c4 e6 7. dxe6 Bb4+ 8.
Bd2 Bxd2+ 9. Qxd2 Qe7 10. Ne2 Bxe6 11. d5 Bf5 12. O-O O-O-O 13. Nbc3 Nb6 14.
Rfe1 Qc5+ 15. Qd4 Qxd4+ 16. Nxd4 Bg6 17. Na4 c6 18. Nxb6+ axb6 19. Ba4 cxd5 20.
Rac1 Kb8 21. c5 bxc5 22. Rxc5 Rc8 23. b4 Rxc5 24. bxc5 Bd3 25. c6 bxc6 26. Nxc6+
Kc8 27. Re7 Bg6 28. Ra7 Ng8 29. Ne5 Kb8 30. Rxf7 Nh6 31. Nxg6 Nxf7 32. Nxh8 Nxh8
33. Be8 Kc7 34. Kf2 Kd8 35. Bc6 Ng6 36. Bxd5 Nf4 37. Bc4 Kc7 38. g3 Ng6 39. f4
Ne7 40. Kf3 Kc6 41. Ke4 Kc5 42. Bb3 Kd6 43. Kd4 Nf5+ 44. Ke4 Ne7 45. g4 h6 46.
h4 Ng6 47. h5 Ne7 48. f5 Nc6 49. Bd5 Nb4 50. Bf7 Ke7 51. Be6 Nc6 52. a4 Kf6 53.
Kf4 Na5 54. Ke4 Kg5 55. Kd5 Kxg4 56. f6+ 1-0

[Event "Roletabousse revenge"]
[Site "http://www.queenalice.com/game.php?id=1332667"]
[Date "2015.1.4"]
[Round "-"]
[White "MORTIMER"]
[Black "worldwide"]
[Result "1-0"]
[WhiteElo "2074"]
[BlackElo "1932"]

1. e4 b6 2. d4 d5 3. e5 e6 4. Nf3 Bb7 5. Bd3 Ba6 6. O-O Bxd3 7. Qxd3 Ne7 8. Bg5
h6 9. Bh4 Qd7 10. c4 dxc4 11. Qxc4 Nf5 12. Nc3 Nxh4 13. Nxh4 g5 14. Nf3 g4 15.
Nd2 h5 16. Nce4 Be7 17. Rac1 c6 18. Nf6+ Bxf6 19. exf6 Qd5 20. Qxd5 cxd5 21.
Rc8+ 1-0

[Event "Challenge"]
[Site "http://www.queenalice.com/game.php?id=1532969"]
[Date "2018.6.28"]
[Round "-"]
[White "Nahid"]
[Black "MORTIMER"]
[Result "1-0"]
[WhiteElo "2085"]
[BlackElo "2067"]

1. d4 d5 2. c4 e5 3. dxe5 d4 4. Nf3 Nc6 5. Bg5 Be7 6. Bxe7 Ngxe7 7. Nbd2 Ng6 8.
Nb3 Bg4 9. Nbxd4 Nxd4 10. Qxd4 Bxf3 11. Qxd8+ Rxd8 12. exf3 Nxe5 13. f4 Nd3+ 14.
Bxd3 Rxd3 15. Rd1 Rxd1+ 16. Kxd1 f5 17. Kc2 Kf7 18. Rd1 Ke6 19. Kc3 c5 20. Rd3
b6 21. Kb3 Re8 22. Re3+ Kf7 23. Rxe8 Kxe8 24. Kc2 Kf7 25. f3 h5 26. Kc3 Kf6 27.
b4 g5 28. bxc5 bxc5 29. g3 g4 30. fxg4 hxg4 31. Kb3 1-0

[Event "Challenge"]
[Site "http://www.queenalice.com/game.php?id=1532970"]
[Date "2018.6.28"]
[Round "-"]
[White "MORTIMER"]
[Black "Nahid"]
[Result "0-1"]
[WhiteElo "2084"]
[BlackElo "2048"]

1. e4 c5 2. Nc3 Nc6 3. f4 d6 4. Nf3 Bg4 5. Bb5 g6 6. O-O Bg7 7. Bxc6+ bxc6 8.
Qe1 Nf6 9. d3 O-O 10. Qh4 Bxf3 11. Rxf3 Rb8 12. Rh3 h5 13. f5 Ng4 14. Ne2 d5 15.
Nf4 Bf6 16. Qe1 Bd4+ 17. Kf1 e6 18. c3 Bf6 19. Nxh5 gxh5 20. Rxh5 dxe4 21. d4
Bg7 22. Qg3 Nf6 23. Rh6 cxd4 24. Bg5 dxc3 25. Bxf6 Qd3+ 26. Qxd3 exd3 27. Bxg7
Kxg7 28. Rh3 Rxb2 29. Rxd3 c2 30. Rb3 Rb8 0-1

[Event "AUTO-OPEN-4555"]
[Site "http://www.queenalice.com/game.php?id=1845657"]
[Date "2024.10.18"]
[Round "1"]
[White "CCapivara"]
[Black "MORTIMER"]
[Result "0-1"]
[WhiteElo "2190"]
[BlackElo "2040"]

1. e4 c5 2. Nf3 e6 3. d4 cxd4 4. Nxd4 Nf6 5. Nc3 Nc6 6. a3 d6 7. Be3 Be7 8. Be2
O-O 9. O-O Bd7 10. f4 Qc7 11. Nb3 a6 12. g4 Be8 13. g5 Nd7 14. Bd3 g6 15. Qg4 b5
16. Rf3 b4 17. a4 bxc3 18. bxc3 Na5 19. Rh3 f5 20. exf5 exf5 21. Qh4 Rf7 22. Rd1
Nxb3 23. cxb3 d5 24. Bd4 Bc5 25. Qh6 Bxd4+ 26. cxd4 Qxf4 27. Be2 Nf8 28. Bf3
Qe3+ 29. Kg2 Qxb3 30. Re1 Qb2+ 31. Re2 Qxd4 32. Rh4 f4 33. Rg4 Bd7 34. Rh4 Rb8
35. Rc2 Rb2 36. Rxb2 Qxb2+ 37. Kg1 Qd4+ 38. Kg2 Qe3 0-1

[Event "AUTO-OPEN-4555"]
[Site "http://www.queenalice.com/game.php?id=1845658"]
[Date "2024.10.18"]
[Round "1"]
[White "MORTIMER"]
[Black "CCapivara"]
[Result "0-1"]
[WhiteElo "2062"]
[BlackElo "2229"]

1. d4 d6 2. e4 Nf6 3. Nc3 c6 4. f3 Nbd7 5. Be3 e5 6. Bc4 Be7 7. Qd2 O-O 8. g4
exd4 9. Bxd4 Ne5 10. Be2 Be6 11. g5 Ne8 12. f4 Nc4 13. Bxc4 Bxc4 14. h4 Nc7 15.
b3 Ba6 16. f5 f6 17. Nf3 d5 18. e5 fxe5 19. Nxe5 Rxf5 20. O-O-O Rxg5 21. Nf7
Kxf7 22. Qf2+ Kg8 23. hxg5 Bxg5+ 24. Kb1 Bf6 25. Rdg1 Bxd4 26. Qxd4 Ne6 27. Qg4
Qf6 28. Qh3 h6 29. Qxh6 Qxh6 30. Rxh6 Kf7 31. Rh7 Re8 32. Re1 b6 33. Nd1 Kg8 34.
Rh5 Bc8 35. Reh1 Kf7 36. Rh8 Bd7 37. Rf1+ Ke7 38. Rh2 Rf8 39. Re1 Kd6 40. Nf2
Nd4 41. Rh7 Rxf2 42. Rxg7 Nxc2 43. Rg6+ Kc5 44. Rc1 Bf5 45. Rf6 Kb5 46. Rxf5
Na3+ 47. Ka1 Rxf5 0-1

[Event "AUTO-OPEN-4555"]
[Site "http://www.queenalice.com/game.php?id=1845685"]
[Date "2024.10.18"]
[Round "1"]
[White "MORTIMER"]
[Black "Capixaba789"]
[Result "0-1"]
[WhiteElo "2062"]
[BlackElo "1868"]

1. d4 d5 2. Bf4 e6 3. Nf3 Nf6 4. e3 Be7 5. Nc3 c6 6. Bd3 O-O 7. O-O Nbd7 8. h3
b5 9. a3 a5 10. Ne5 Bb7 11. g4 Ba6 12. Nxc6 Qe8 13. Bxb5 Ne4 14. Nxe7+ Qxe7 15.
Bxa6 Nxc3 16. Bd3 Nxd1 17. Raxd1 f5 18. g5 Nb6 19. b4 axb4 20. axb4 Qxb4 21. Rb1
Qa5 22. Bc7 Rfb8 23. Bxb6 Rxb6 24. Ra1 Qxa1 25. Rxa1 Rxa1+ 26. Kg2 g6 0-1

[Event "AUTO-OPEN-4555"]
[Site "http://www.queenalice.com/game.php?id=1845686"]
[Date "2024.10.18"]
[Round "1"]
[White "Capixaba789"]
[Black "MORTIMER"]
[Result "0-1"]
[WhiteElo "1907"]
[BlackElo "2052"]

1. d4 f5 2. Nc3 d5 3. f4 Nf6 4. Nf3 e6 5. e3 c6 6. Bd3 Ne4 7. O-O Bd6 8. Ne5 O-O
9. Bd2 Rf6 10. Qe1 Rh6 11. Nxe4 dxe4 12. Be2 Nd7 13. c3 c5 14. Qg3 Nxe5 15. fxe5
Be7 16. Bc4 Bh4 17. Qf4 g5 18. Qxf5 g4 19. Qxg4+ Rg6 20. Qf4 Bd7 21. Qxe4 Bc6
22. Qf4 Rxg2+ 0-1

[Event "AUTO-OPEN-4555"]
[Site "http://www.queenalice.com/game.php?id=1845687"]
[Date "2024.10.18"]
[Round "1"]
[White "MORTIMER"]
[Black "juim"]
[Result "1-0"]
[WhiteElo "2038"]
[BlackElo "1610"]

1. d4 c5 2. d5 d6 3. Nc3 g6 4. e4 Bg7 5. Nf3 Nf6 6. Bd3 Ng4 7. Bd2 Qb6 8. Rb1 c4
9. Be3 Nxe3 10. fxe3 cxd3 11. Qxd3 O-O 12. O-O Bg4 13. Nd2 Bh6 14. Nc4 Qc7 15.
a4 Na6 16. b4 Qd8 17. h3 Bd7 18. g4 e6 19. Nxd6 e5 20. Nxb7 Qc7 21. Qxa6 Bc8 22.
Qc6 Qxc6 23. dxc6 Bxe3+ 24. Kh1 Bb6 25. a5 Bd4 26. Nd5 Be6 27. c3 Bxd5 28. exd5
e4 29. cxd4 Rfe8 30. d6 e3 31. d7 Re7 32. d8=Q+ Rxd8 33. Nxd8 e2 34. Rfe1 Re3
35. Kg2 f5 36. gxf5 gxf5 37. Kf2 Rxh3 38. Rxe2 Rh2+ 39. Ke3 f4+ 40. Kd2 Rh4 41.
Kd3 f3 42. Rf2 Rh3 43. Ke3 Rh5 44. Rxf3 1-0

[Event "AUTO-OPEN-4555"]
[Site "http://www.queenalice.com/game.php?id=1845688"]
[Date "2024.10.18"]
[Round "1"]
[White "juim"]
[Black "MORTIMER"]
[Result "0-1"]
[WhiteElo "1602"]
[BlackElo "2053"]

1. e4 c5 2. Bc4 e6 3. Nf3 Nc6 4. c3 a6 5. d4 cxd4 6. Nxd4 Nf6 7. Nxc6 bxc6 8.
Bg5 Be7 9. O-O Nxe4 10. Bxe7 Qxe7 11. Bd3 Nf6 12. Na3 d5 13. Qf3 O-O 14. c4 e5
15. cxd5 cxd5 16. Bc4 e4 17. Qg3 dxc4 18. Nxc4 Be6 19. b3 Bxc4 20. bxc4 Rfe8 21.
Rfe1 Rac8 22. Rac1 Qb4 23. Qc3 Qxc3 24. Rxc3 Nd5 25. Rc2 Nb4 26. Rce2 Nd3 27.
Rb1 Rxc4 28. h4 Rc1+ 29. Rxc1 Nxc1 30. Rc2 Nd3 31. a4 a5 32. Rc6 Nb4 33. Rc5 g6
34. Rxa5 Nd3 35. Rd5 Ra8 36. a5 Nf4 37. Rc5 Ne2+ 38. Kh1 f5 39. Kh2 Nd4 40. Kg3
Nb3 41. Rc3 Nd4 42. Ra3 Ne2+ 43. Kh3 Nd4 44. Ra4 Nb3 45. a6 Ra7 46. Kg3 Nc5 47.
Rc4 Nxa6 48. Kf4 Re7 49. Rc6 Nb4 50. Rb6 Nd3+ 51. Kg3 f4+ 52. Kg4 Kg7 53. Rb1
Rf7 54. Rf1 h5+ 55. Kh3 e3 56. fxe3 fxe3 57. Rxf7+ Kxf7 58. g4 e2 0-1